[Event "Sachsen-Anhalt"]
[Site "?"]
[Date "2015.05.16"]
[Round "6.1"]
[White "Kahe, Ralph"]
[Black "Paul, Johannes"]
[Result "0-1"]
[WhiteElo "2108"]
[BlackElo "2207"]
[PlyCount "124"]
[EventDate "2015.??.??"]
[WhiteTeam "SV Rochade Magdeburg"]
[BlackTeam "SG AE Magdeburg"]

1. d4 Nf6 2. c4 e6 3. Nc3 Bb4 4. Qc2 c5 5. dxc5 Bxc5 6. Nf3 Qb6 7. e3 Qc7 8. a3
a6 9. b4 Be7 10. Bb2 b6 11. Rc1 d6 12. Be2 Nbd7 13. O-O Bb7 14. Rfd1 O-O 15.
Bf1 Rac8 16. Qb3 Bxf3 17. gxf3 Ne5 18. Be2 Qb7 19. Ne4 Nxf3+ 20. Bxf3 Nxe4 21.
Rd4 f5 22. Qd1 e5 23. Rxe4 fxe4 24. Bg4 Rb8 25. Be6+ Kh8 26. Bd5 Qd7 27. Bxe4
Qh3 28. Qf1 Qh6 29. Qe2 Bh4 30. f3 Bg5 31. Re1 Qe6 32. Rd1 Qh6 33. Re1 Be7 34.
Kh1 Qh3 35. Rg1 Qh6 36. Rg3 g6 37. Qg2 Qxe3 38. Qh3 Kg7 39. Rg1 Qb3 40. Bc1 Rf6
41. Qd7 Rf7 42. Qe6 Bf8 43. Bh6+ Kh8 44. Qxf7 Bxh6 45. Bxg6 hxg6 46. Rxg6 Qb1+
47. Rg1 Qh7 48. Qe6 Rf8 49. Qxd6 Bg7 50. Rg3 Qb1+ 51. Kg2 Qc2+ 52. Kg1 Qxc4 53.
Qg6 Qc1+ 54. Kg2 Qd2+ 55. Kf1 Qd1+ 56. Kf2 Qd2+ 57. Kf1 Qh6 58. Qg4 Qf6 59.
Rh3+ Kg8 60. Qc4+ Qf7 61. Qe4 Rc8 62. Rg3 Qc4+ 0-1

[Event "Sachsen-Anhalt"]
[Site "?"]
[Date "2015.05.16"]
[Round "6.2"]
[White "Deutsch, Joey"]
[Black "Zimmermann, Christian"]
[Result "0-1"]
[LiveChessVersion "1.4.2"]
[BlackElo "2103"]
[WhiteElo "1870"]
[BlackTeam "Germania Köthen"]
[WhiteTeam "Naumburger SV"]

1. d4 {[%clk 1:30:56]} Nf6 {[%clk 1:30:57]} 2. c4 {[%clk 1:31:18]} g6
{[%clk 1:31:22]} 3. Nc3 {[%clk 1:31:41]} d5 {[%clk 1:31:50]} 4. Qa4+
{[%clk 1:32:02]} c6 {[%clk 1:30:29]} 5. cxd5 {[%clk 1:32:09]} Nxd5
{[%clk 1:30:28]} 6. e4 {[%clk 1:32:07]} Nb6 {[%clk 1:27:47]} 7. Qc2
{[%clk 1:28:27]} Bg7 {[%clk 1:13:30]} 8. Be3 {[%clk 1:28:27]} O-O
{[%clk 1:13:30]} 9. Rd1 {[%clk 1:28:27]} Be6 {[%clk 1:13:30]} 10. b3
{[%clk 1:28:09]} f5 {[%clk 1:01:26]} 11. Nf3 {[%clk 1:24:11]} f4 {[%clk 0:51:23]}
12. Bc1 {[%clk 1:22:37]} Bg4 {[%clk 0:51:36]} 13. e5 {[%clk 1:22:41]} Nd5
{[%clk 0:48:54]} 14. Ne4 {[%clk 1:14:13]} Kh8 {[%clk 0:45:58]} 15. Bd2
{[%clk 1:11:35]} Nd7 {[%clk 0:43:59]} 16. Bd3 {[%clk 1:09:30]} Rc8
{[%clk 0:43:44]} 17. Neg5 {[%clk 1:06:31]} c5 {[%clk 0:40:38]} 18. Bxg6
{[%clk 1:04:04]} cxd4 {[%clk 0:35:40]} 19. Qb1 {[%clk 1:03:38]} Nxe5
{[%clk 0:29:14]} 20. Bxh7 {[%clk 0:46:41]} Nxf3+ {[%clk 0:21:56]} 21. gxf3
{[%clk 0:47:09]} e6 {[%clk 0:22:01]} 22. Qg6 {[%clk 0:41:59]} Bf5
{[%clk 0:20:51]} 23. Qh5 {[%clk 0:42:20]} Nf6 {[%clk 0:20:42]} 24. Nf7+
{[%clk 0:41:23]} Rxf7 {[%clk 0:21:05]} 25. Qxf7 {[%clk 0:41:38]} Nxh7 26. Bxf4
{[%clk 0:35:40]} Qa5+ {[%clk 0:18:53]} 27. Kf1 {[%clk 0:32:52]} Bh3+
{[%clk 0:17:07]} 28. Kg1 {[%clk 0:27:36]} Rf8 {[%clk 0:16:59]} 29. Qc7
{[%clk 0:25:35]} Qf5 {[%clk 0:17:19]} 0-1

[Event "Sachsen-Anhalt"]
[Site "?"]
[Date "2015.05.16"]
[Round "6.3"]
[White "Ozeran, Volodymyr"]
[Black "Görgens, Michael"]
[Result "1-0"]
[WhiteElo "2063"]
[BlackElo "2045"]
[PlyCount "123"]
[EventDate "2015.??.??"]
[WhiteTeam "SK Dessau"]
[BlackTeam "Schönebecker SV"]

1. d4 Nf6 2. Nf3 d5 3. g3 b6 4. Bg2 Bb7 5. O-O Nbd7 6. b3 e6 7. Bb2 Be7 8. Nbd2
h5 9. h4 Ng4 10. Re1 f5 11. Nf1 g5 12. Nxg5 Bxg5 13. hxg5 Qxg5 14. Bc1 Qg7 15.
Bf4 O-O-O 16. f3 Ngf6 17. Kf2 h4 18. gxh4 Rxh4 19. Qd2 Rg8 20. Ng3 Nf8 21. Rh1
Rxh1 22. Rxh1 Bc6 23. Rh3 Be8 24. Bf1 Ng6 25. Bh6 Qf7 26. a4 Rh8 27. Ke1 Ng8
28. Nh1 f4 29. Bg5 Rxh3 30. Bxh3 Bd7 31. Nf2 Nf6 32. Bxf4 Ne4 33. fxe4 Nxf4 34.
Qe3 Nxh3 35. Nxh3 Qh7 36. Nf2 Bc6 37. exd5 Bxd5 38. Kd2 Qe7 39. c4 Bc6 40. Nd3
Bd7 41. Qe4 Kb8 42. d5 Qd6 43. Qe5 exd5 44. Qxd6 cxd6 45. cxd5 a5 46. Nb2 Kc7
47. Nc4 Bf5 48. Kc3 Bg4 49. e4 Bf3 50. Nd2 Be2 51. Kd4 b5 52. axb5 Bxb5 53. Nb1
Kb6 54. Na3 Ba6 55. Nc4+ Kb5 56. Nxd6+ Kb4 57. e5 Kxb3 58. e6 Be2 59. Nb7 a4
60. Nc5+ Kb4 61. Nxa4 Kb5 62. Nc3+ 1-0

[Event "Sachsen-Anhalt"]
[Site "?"]
[Date "2015.05.16"]
[Round "6.4"]
[White "Domaske, Andreas"]
[Black "Schuster, Martin"]
[Result "0-1"]
[WhiteElo "1888"]
[BlackElo "2189"]
[PlyCount "90"]
[EventDate "2015.??.??"]
[WhiteTeam "USV Halle"]
[BlackTeam "SG Löberitz"]

1. d4 Nf6 2. c4 e6 3. Nf3 b6 4. g3 Ba6 5. Qc2 c5 6. Bg2 Bb7 7. dxc5 bxc5 8. O-O
Be7 9. Nc3 Nc6 10. e4 Nd4 11. Nxd4 cxd4 12. Nd1 e5 13. Bg5 Rc8 14. Bxf6 Bxf6
15. Qe2 Qc7 16. b3 O-O 17. Nb2 Bg5 18. Nd3 Rce8 19. f4 exf4 20. gxf4 Bh6 21.
Rae1 d5 22. cxd5 Bxd5 23. Qf2 Bb7 24. Qxd4 Ba6 25. Rf3 Bxd3 26. Qxd3 Bxf4 27.
Rh3 Rd8 28. Qf3 Be5 29. Qh5 h6 30. Qg4 Qc2 31. a4 Rd2 32. Rf1 Rfd8 33. Rhf3
R8d7 34. h4 a5 35. Kh1 f6 36. h5 Kh8 37. Rg1 Rd1 38. Rff1 Rxf1 39. Rxf1 Rd3 40.
Qe6 Rg3 41. Rg1 Rxg2 42. Qe8+ Kh7 43. Rxg2 Qd1+ 44. Rg1 Qf3+ 45. Rg2 Qf1+ 0-1